000 00489nam a2200157 i 4500
001 25310
003 ES-MaACL
005 20230906153232.0
007 t|
008 021223s1967 sp ||||1| spa d
100 1 _aAranegui y Coll, Manuel de.
_922298
245 1 0 _aEstabilidad monetaria, inflación e indexación /
_cManuel de Aranegui y Coll.
260 _aVitoria :
_bInstituto Luis de Salazar y Castro,
_c[1967]
300 _a30 p. ;
_c27 cm.
852 _aES-MaACL
_j2047-F-15
_bR.64016
999 _c25310
_d25310